000 00577pam a2200217 a 4500
001 3787282
005 20180205033403.0
008 840918s1985 nyua b 001 0 eng
010 _a 84018280
020 _a0030024633 (alk. paper) :
_c$27.95
040 _aDLC
_cDLC
_dDLC
041 _aeng
080 _a658.403 ROT
082 0 0 _a658.403 ROT
_219
100 1 _a54
101 _aMEN
245 1 0 _aProblem solving for managers /
_cWilliam F. Roth, Jr.
504 _aBibliography: p. 211-219.
906 _a7
_bcbc
_corignew
_d1
_eocip
_f19
_gy-gencatlg
942 _2ddc
_cBK
999 _c41718
_d41718